000 00447nam a22001697a 4500
999 _c164357
_d164357
005 20190516154741.0
010 _aB-088312
020 _a8126008148
_c50.00
035 _aB-088312
037 _bSahitya Akademi
082 _a873.1
100 _aNarasimhachar, P.T.
245 _aThe hill temple /
_cP.T. Narasimhachar
260 _aNew Delhi
_bSahitya Akademi
300 _a53p.
_c22cm(pbk)
942 _2ddc
_cEN
_h873.1
_mNAR